LEADER 01527nam a2200397 i 4500 001 991000880079707536 005 20020507175123.0 008 951004s1981 us ||| | eng 020 $a0387906266 035 $ab10770215-39ule_inst 035 $aLE01303738$9ExL 040 $aDip.to Matematica$beng 082 0 $a531.32 084 $aAMS 01A50 084 $aAMS 73-03 084 $aAMS 73D30 100 1 $aCannon, John T.$025069 245 14$aThe evolution of dynamics :$bvibration theory from 1687 to 1742 :$bwith 10 illustrations /$cJohn T. Cannon, Sigalia Dostrovsky 260 $aNew York :$bSpringer-Verlag,$cc1981 300 $aix, 184 p. :$bill. ;$c25 cm. 490 0 $aStudies in the history of mathematics and physical sciences, ISSN 0172570X ;$v6 500 $aBibliography: p. 177-181. 500 $aIncludes index 650 4$aHistory of mathematics-18th century 650 4$aLinear vibration theory 650 4$aMechanics of solids-history 650 4$aReprintings of classics 650 4$aVibration-history-17th century 650 4$aVibration-history-18th century 700 1 $aDostrovsky, Sigalia$eauthor$4http://id.loc.gov/vocabulary/relators/aut$0726095 907 $a.b10770215$b23-02-17$c28-06-02 912 $a991000880079707536 945 $aLE013 01A75 CAN21 (1981)$g1$i2013000036687$lle013$o-$pE0.00$q-$rl$s- $t0$u0$v0$w0$x0$y.i10868604$z28-06-02 996 $aEvolution of dynamics$91425109 997 $aUNISALENTO 998 $ale013$b01-01-95$cm$da $e-$feng$gus $h4$i1 LEADER 01333nam a22002891i 4500 001 991000083419707536 005 20031014154126.0 008 031111s1981 gw |||||||||||||||||ger 035 $ab12568077-39ule_inst 035 $aARCHE-060133$9ExL 040 $aDip.to Lingue$bita$cA.t.i. Arché s.c.r.l. Pandora Sicilia s.r.l. 082 04$a838 100 0 $aHeinrich :$cvon Meissen$0458877 245 10$aLeichs, Sangspruche, Lieder /$cFrauenlob (Heinrich von Meissen) ; auf Grund der Vorarbeiten von Helmuth Thomas ; herausgegeben von Karl Stackmann und Karl Bertau 260 $aGöttingen :$bVandenhoeck & Ruprecht,$c1981 300 $a2 v. (1112 p. compless.) ;$c25 cm 440 0$aAbhandlungen der Akademie der Wissenschaften in Gottingen. Philologisch-Historische Klasse.$p3 Folge ;$v119-120 700 1 $aBertau, Karl 700 1 $aStackmann, Karl 700 1 $aThomas, Helmuth 907 $a.b12568077$b02-04-14$c13-11-03 912 $a991000083419707536 945 $aLE012 F.G. 1025$cV. 1$g1$i2012000066403$lle012$o-$pE0.00$q-$rl$s- $t0$u0$v0$w0$x0$y.i13022052$z13-11-03 945 $aLE012 F.G. 1025/1$cV. 2$g1$i2012000066397$lle012$o-$pE0.00$q-$rl$s- $t0$u0$v0$w0$x0$y.i13022064$z13-11-03 996 $aLeichs, Sangspruche, Lieder$9173870 997 $aUNISALENTO 998 $ale012$b13-11-03$cm$da $e-$fger$ggw $h0$i2